| 000 | 00730nam a2200217 a 4500 | ||
|---|---|---|---|
| 001 | 000033773 | ||
| 005 | 20200930070516.0 | ||
| 008 | 110909s1979 sp b r 000 0 spa d | ||
| 040 |
_aDO-SdBNP _bspa _cBNPHU |
||
| 082 |
_axxxx _bxxxx |
||
| 245 | 0 | 3 |
_aLa abolición del feudalismo en el mundo occidental / _cM. Garaud... [et al.] ; prólogo de J. Godechot ; traducción de Pilar López Máñez. |
| 260 |
_aMadrid : _bSiglo XXI, _c1979. |
||
| 300 |
_a248 p. ; _c21 cm. |
||
| 590 | _aInventariado, 2019/BT | ||
| 700 | 1 |
_aGaraud, M. _959194 |
|
| 700 | 1 |
_aSoboul, A. _959195 |
|
| 700 | 1 |
_aLeón, P. _959196 |
|
| 700 | 1 |
_aBonnin, B. _959197 |
|
| 700 | 1 |
_aJ. Godechot, M., _epról. _959198 |
|
| 700 | 1 |
_aLópez Máñez, Pilar, _etr. _959199 |
|
| 999 |
_c33264 _d33264 |
||